Educational psychology: the principles of learning in teaching (Record no. 355266)
[ view plain ]
| 000 -LEADER | |
|---|---|
| fixed length control field | 004570000a22001570004500 |
| 060 ## - NATIONAL LIBRARY OF MEDICINE CALL NUMBER | |
| Classification number | 100 |
| 082 ## - DEWEY DECIMAL CLASSIFICATION NUMBER | |
| Classification number | 370.15 FRA |
| 100 ## - MAIN ENTRY--PERSONAL NAME | |
| Personal name | Frandsen, Arden N |
| 245 ## - TITLE STATEMENT | |
| Title | Educational psychology: the principles of learning in teaching |
| 260 ## - PUBLICATION, DISTRIBUTION, ETC. (IMPRINT) | |
| Place of publication, distribution, etc. | Newyork, Mc GRaw- Hill Book Company Inc |
| 260 ## - PUBLICATION, DISTRIBUTION, ETC. (IMPRINT) | |
| Date of publication, distribution, etc. | 1961 |
| 300 ## - PHYSICAL DESCRIPTION | |
| Extent | 610 |
| 490 ## - SERIES STATEMENT | |
| Series statement | Mc graw hill series in education |
| 650 ## - SUBJECT ADDED ENTRY--TOPICAL TERM | |
| Topical term or geographic name as entry element | Teaching-learning/learning process/fostering mental health |
| 942 ## - ADDED ENTRY ELEMENTS (KOHA) | |
| Koha item type | Books (General) |
| Withdrawn status | Lost status | Damaged status | Not for loan | Home library | Current library | Date acquired | Total Checkouts | Full call number | Barcode | Date last seen | Price effective from | Koha item type |
|---|---|---|---|---|---|---|---|---|---|---|---|---|
| College of Agriculture, Vellayani | College of Agriculture, Vellayani | 02/05/2014 | 370.15 FRA | KAU_COAV-4241 | 02/05/2014 | 02/05/2014 | Books (General) |
